000
00301nam a2200121Ia 4500
005
20251222144830.0
008
251222s9999||||xx |||||||||||||| ||spa||
082
_a
613.9/T26
100
_a
Tóvara Orozco, Luis
245
0
_a
Reproducción Humana
264
_b
Educación Médica Continua
942
_c
LIB
999
_c
20825
_d
20825